| 000 | 00487nam a2200193Ia 4500 | ||
|---|---|---|---|
| 003 | GCL | ||
| 008 | 140319s9999 xx 000 0 eng d | ||
| 040 |
_aGCL / _cGCL |
||
| 082 | 0 | 4 |
_a574.5222 _bB M |
| 100 | 1 | _aBOUGHEY, ARTHUR | |
| 245 | 1 | 0 |
_aMAN AND THE ENVRIONMENT / _cBOUGHEY, ARTHUR |
| 260 |
_a[S.N] : _bTHE MACMILLAN COMPANY ، _c1971 |
||
| 300 | _a472 | ||
| 650 | 0 | 4 | _aENVIRONMENT |
| 650 | 0 | 4 | _aPOPULATION |
| 650 | 0 | 4 | _aPOLLUTION |
| 650 | 0 | 4 | _aBIRTH CONTROL |
| 942 |
_2ddc _cBK |
||
| 999 |
_c17331 _d17331 |
||